000 01181cam a22003377a 4500
003 CHAP
005 20220329143509.0
008 100222s2008 mx a rs 00010 spa d
010 _a97571
011 _a98543
022 0 _a0187-490X
035 _a109228
040 _cCHAP
082 0 4 _a622.98
_bI5 2008
110 2 _aInstituto Nacional de Estadística, Geografía e Informática. México
_959304
245 1 3 _aLa minería en México, 2008
_c/por INEGI
260 _aAguascalientes, Ags. :
_bINEGI,
_c2008
300 _axiv, 144 p. :
_bcuadros, gráfs.
490 _aSerie de estadísticas sectoriales
590 _aBATCH-UPD
_b10
_c20130110
_lUCH01
_h1746
590 _aBATCH-UPD
_b10
_c20130410
_lUCH01
_h1125
590 _aBATCH-UPD
_b10
_c20130914
_lUCH01
_h1637
590 _aCONVERSION
_b10
_c20130109
_lUCH01
_h1354
650 1 4 _aIndustrias mineras
_xEstadísticas.
_958016
650 1 4 _aIndustrias mineras
_zMéxico.
_958021
650 1 4 _aMinas y recursos minerales
_xMéxico.
_975914
830 _aSerie de estadísticas sectoriales
_9104716
901 _aBK
942 _cLIBRO
949 _a622.98 I5 2008
_bBC
_cINEGI
_d33724002096280
_eINEGI
_gDonaciØn
_h111918
_i109228
_sb
999 _c97571
_d97571